=LDR 00000nam 2200000 4500 =001 INLIS000000000044924 =005 20131008110915 =008 ***********************************Ind** =035 ##$$0010-101300000002846 =041 ##$$a Ind =082 ##$$a 923 =090 ##$$a 923, Rus r =100 ##$$a Rusli Rachman =245 ##$$a Redupnya hati nurani : catatan hitam putih provinsi kepulauan Bangka Belitung, Rusli Rachman ; Editor Ahmadi Sofyan =260 ##$$b Yogyakarta : =300 ##$$a 308 hlm. : , 20 cm =650 ##$$a Biografi =700 ##$$a Sofyan Ahmadi =850 ##$$a NBPNMAT